| 000 | 01051cam a22003133a 4500 | ||
|---|---|---|---|
| 001 | 13110 | ||
| 003 | PGUSA | ||
| 005 | 20140828083301.0 | ||
| 008 | 040803s2004||||xxu|||||s|||||000 1 eng d | ||
| 040 |
_aPGUSA _beng |
||
| 042 | _adc | ||
| 050 | 4 | _aPZ | |
| 100 | 1 |
_aBaum, L. Frank _q(Lyman Frank), _d1856-1919 |
|
| 245 | 1 | 0 |
_aAunt Jane's Nieces at Work _h[electronic resource] / _cL. Frank Baum |
| 260 |
_bProject Gutenberg, _c2004 |
||
| 506 | _aPublic domain in the USA. | ||
| 516 | _aElectronic text | ||
| 653 | _aUnited States. Congress. House -- Elections -- Juvenile fiction | ||
| 653 | _aArtists -- Juvenile fiction | ||
| 653 | _aNew York (State) -- Juvenile fiction | ||
| 653 | _aPolitical campaigns -- Juvenile fiction | ||
| 653 | _aCousins -- Juvenile fiction | ||
| 653 | _aUncles -- Juvenile fiction | ||
| 653 | _aYoung women -- Social life and customs -- Juvenile fiction | ||
| 653 | _aMystery and detective stories | ||
| 830 | 0 |
_aProject Gutenberg _v13110 |
|
| 856 | 4 | 0 | _uhttp://www.gutenberg.org/ebooks/13110 |
| 942 | _cEB | ||
| 999 |
_c242365 _d242365 |
||